| 000 | 00418nam a22001577a 4500 | ||
|---|---|---|---|
| 020 | _a2205001469 | ||
| 040 | _cDLC | ||
| 082 | _a741 DAR 1985 A085 Or. | ||
| 100 | 1 | _aGoscinny, | |
| 245 | 1 | 3 | _aLe tour de Gaule d'Astérix / |
| 260 |
_aParis ; _aNew York : _bDargaud, _c1985 printing, c1965. |
||
| 300 |
_a48 p. : _bchiefly col. ill. ; _c30 cm. |
||
| 490 | 1 | _aUne Aventure d'Astérix, | |
| 700 | 1 | _aUderzo. | |
| 942 | _cEK | ||
| 999 |
_c13009 _d13009 |
||